<?xml version="1.0" encoding="UTF-8"?><?xml-stylesheet type="text/xsl" href="static/style.xsl"?><OAI-PMH xmlns="http://www.openarchives.org/OAI/2.0/" xmlns:xsi="http://www.w3.org/2001/XMLSchema-instance" xsi:schemaLocation="http://www.openarchives.org/OAI/2.0/ http://www.openarchives.org/OAI/2.0/OAI-PMH.xsd"><responseDate>2026-04-17T23:14:33Z</responseDate><request verb="GetRecord" identifier="oai:riubu.ubu.es:10259/7267" metadataPrefix="marc">https://riubu.ubu.es/oai/request</request><GetRecord><record><header><identifier>oai:riubu.ubu.es:10259/7267</identifier><datestamp>2023-01-19T01:05:24Z</datestamp><setSpec>com_10259.4_2526</setSpec><setSpec>com_10259.4_2525</setSpec><setSpec>com_10259.4_106</setSpec><setSpec>com_10259_2604</setSpec><setSpec>com_10259_3847</setSpec><setSpec>com_10259_5086</setSpec><setSpec>col_10259_4164</setSpec><setSpec>col_10259_3848</setSpec></header><metadata><record xmlns="http://www.loc.gov/MARC21/slim" xmlns:doc="http://www.lyncode.com/xoai" xmlns:xsi="http://www.w3.org/2001/XMLSchema-instance" xmlns:dcterms="http://purl.org/dc/terms/" xsi:schemaLocation="http://www.loc.gov/MARC21/slim http://www.loc.gov/standards/marcxml/schema/MARC21slim.xsd">
<leader>00925njm 22002777a 4500</leader>
<datafield tag="042" ind1=" " ind2=" ">
<subfield code="a">dc</subfield>
</datafield>
<datafield tag="720" ind1=" " ind2=" ">
<subfield code="a">Arroyo Puente, Ángel</subfield>
<subfield code="e">author</subfield>
</datafield>
<datafield tag="720" ind1=" " ind2=" ">
<subfield code="a">Herrero Cosío, Álvaro</subfield>
<subfield code="e">author</subfield>
</datafield>
<datafield tag="720" ind1=" " ind2=" ">
<subfield code="a">Corchado, Emilio</subfield>
<subfield code="e">author</subfield>
</datafield>
<datafield tag="720" ind1=" " ind2=" ">
<subfield code="a">Tricio Gómez, Verónica</subfield>
<subfield code="e">author</subfield>
</datafield>
<datafield tag="260" ind1=" " ind2=" ">
<subfield code="c">2017-12</subfield>
</datafield>
<datafield tag="520" ind1=" " ind2=" ">
<subfield code="a">The combined application of several soft-computing and statistical techniques is proposed for the characterization of atmospheric conditions in two European regions: Madrid (Spain) and Prague (Czech Republic). The resulting Hybrid Artificial&#xd;
Intelligence System (HAIS) combines projection models for dimensionality reduction and clustering, combining neural and&#xd;
fuzzy paradigms, in a decision support tool. In present article, this proposed HAIS is applied to analyse the air quality in&#xd;
these two geographical regions and get a better understanding of its circumstances and evolution. To do so, real-life data&#xd;
from six data-acquisition stations are analysed. The main pollutants recorded at these stations between 2007 and 2014, their&#xd;
geographical locations and seasonal changes are all studied, in a research that shows how such factors determine variations in&#xd;
air-borne pollutants. Furthermore, neural projections of the clustering results from data on atmospheric pollution are studied.</subfield>
</datafield>
<datafield tag="024" ind2=" " ind1="8">
<subfield code="a">1367-0751</subfield>
</datafield>
<datafield tag="024" ind2=" " ind1="8">
<subfield code="a">http://hdl.handle.net/10259/7267</subfield>
</datafield>
<datafield tag="024" ind2=" " ind1="8">
<subfield code="a">10.1093/jigpal/jzx050</subfield>
</datafield>
<datafield tag="024" ind2=" " ind1="8">
<subfield code="a">1368-9894</subfield>
</datafield>
<datafield ind1=" " ind2=" " tag="653">
<subfield code="a">Hybrid systems</subfield>
</datafield>
<datafield ind1=" " ind2=" " tag="653">
<subfield code="a">Clustering techniques</subfield>
</datafield>
<datafield ind1=" " ind2=" " tag="653">
<subfield code="a">Air quality</subfield>
</datafield>
<datafield ind1=" " ind2=" " tag="653">
<subfield code="a">Projection models</subfield>
</datafield>
<datafield ind1=" " ind2=" " tag="653">
<subfield code="a">Artificial neural networks</subfield>
</datafield>
<datafield tag="245" ind1="0" ind2="0">
<subfield code="a">A hybrid intelligent system for the analysis of atmospheric pollution: a case study in two European regions</subfield>
</datafield>
</record></metadata></record></GetRecord></OAI-PMH>